000 00562nam a2200193 a 4500
005 20151120115607.0
008 140224b1997 sz ||||| |||| 00| 0 eng d
040 _aCO-BoIAVH
_cCO-BoIAVH
041 _aeng
044 _asz
090 _aLB
_b00887
110 _bUnión Internacional para la Conservación de la Naturaleza y los Recursos Naturales
_96761
245 _aAnalyses of proposals to amend the CITES appendices
260 _aGland
_bUICN
_c1997
300 _a206 p.
650 _aCITES
_92790
710 _a^aTRAFFIC Network
_99733
942 _cINFORME
_2z
999 _c899
_d899